Word Ladder: Summertime Quiz Stats

 Plays Quiz Updated Jun 23, 2018

Challenge
Share
Tweet
Embed
Score 0/39 Timer 05:00
4 Plays Today
Clue 4-Letter Word % Correct
Quick and rapidFAST
97.7%
The sun rises hereEAST
97.7%
Clenched handFIST
97.3%
Hefner or Grant, e.g.HUGH
92.5%
Very large indeedHUGE
92.3%
Tiny rodentsMICE
91.1%
5280 feetMILE
90.5%
Burrowing mammalMOLE
89.9%
* Summertime and the livin' is ____*EASY
89.8%
Precious metalGOLD
89.6%
* And your mamma's ____ looking *GOOD
88.4%
*______ are jumpin' *FISH
87.9%
A fungusMOLD
87.3%
Person from DenmarkDANE
86.9%
Desire or wantWISH
86.4%
Completed or cookedDONE
86.3%
Small sledLUGE
85.2%
Bamboo or candy stickCANE
84.5%
Sensible or sageWISE
83.5%
* _____ you cry *DON'T
82.9%
Clue 4-Letter Word % Correct
* And the cotton is _____ *HIGH
81.9%
Short for Lansing's StateMICH.
81.8%
Shrub or Presidents?BUSH
79.6%
* So _____ little baby *HUSH
78.8%
A person who is hired to threatenGOON
78.3%
Job for a lawyer or policemanCASE
77.7%
Overseer or managerBOSS
77.6%
String instrument with a neckLUTE
76.3%
Job or assignmentTASK
75.6%
Low in caloriesLITE
75%
Wine or beer barrelCASK
73.8%
A long pointed toothTUSK
71.3%
KissBUSS
69.9%
Fine imposed by a king or lordWITE
69.2%
A blessing or benefitBOON
69.1%
Dry layer covering some seedsHUSK
68.7%
Petty officer on a shipBOS'N
62.4%
* Oh, your daddy's _____ *RICH
59.3%
Scots Gaelic for 'king'RIGH
54.7%

Today's Daily Dose

You're not logged in!

Compare scores with friends on all Sporcle quizzes.
Join for Free
OR
Log In

You Might Also Like...

Show Comments

Extras

Top Quizzes Today


Score Distribution

Your Account Isn't Verified!

In order to create a playlist on Sporcle, you need to verify the email address you used during registration. Go to your Sporcle Settings to finish the process.

Report this User

Report this user for behavior that violates our Community Guidelines.

Details: